| 000 -LEADER |
| fixed length control field |
00904nam a22001937a 4500 |
| 003 - CONTROL NUMBER IDENTIFIER |
| control field |
OSt |
| 005 - DATE AND TIME OF LATEST TRANSACTION |
| control field |
20231123081457.0 |
| 008 - FIXED-LENGTH DATA ELEMENTS--GENERAL INFORMATION |
| fixed length control field |
231123b ||||| |||| 00| 0 eng d |
| 020 ## - INTERNATIONAL STANDARD BOOK NUMBER |
| International Standard Book Number |
9780340998502 |
| 040 ## - CATALOGING SOURCE |
| Transcribing agency |
KH8 |
| 082 ## - DEWEY DECIMAL CLASSIFICATION NUMBER |
| Classification number |
332.024 HAL |
| 100 ## - MAIN ENTRY--PERSONAL NAME |
| Personal name |
Hall, Alvin, |
| Relator term |
author. |
| 245 ## - TITLE STATEMENT |
| Title |
Money Magic : |
| Remainder of title |
Seven simple steps to true financial freedom / |
| Statement of responsibility, etc. |
Alvin Hall. |
| 260 ## - PUBLICATION, DISTRIBUTION, ETC. |
| Place of publication, distribution, etc. |
London; |
| Name of publisher, distributor, etc. |
Hodder & Stoughton Ltd, |
| Date of publication, distribution, etc. |
2010. |
| 300 ## - PHYSICAL DESCRIPTION |
| Extent |
113 pages : |
| Dimensions |
12.8 cm x 19.7 cm. |
| 520 ## - SUMMARY, ETC. |
| Summary, etc. |
"Are you a big spender, maxing your credit cards to buy designer handbags or a flat-screen TV? Or perhaps money stresses you out so much that you bury your head in the sand while the bills mount up? No matter how you handle your money, or how badly you're feeling the pinch, Alvin's Money Magic is the first step to making money work for you"--Global Books In Print |
| 650 ## - SUBJECT ADDED ENTRY--TOPICAL TERM |
| Topical term or geographic name entry element |
Finance |
| Form subdivision |
Personal |
| 942 ## - ADDED ENTRY ELEMENTS (KOHA) |
| Source of classification or shelving scheme |
|
| Koha item type |
Books - Non Ficton |